000 00339nam a2200145Ia 4500
005 20251222144901.0
008 251222s9999||||xx |||||||||||||| ||spa||
020 _a8440460805
082 _a851.914/C75
100 _aColao Granda, Antonio
245 0 _aTierra Santa:
250 _a1ra.ed.
264 _bImprenta la Versal
942 _cLIB
999 _c21979
_d21979